[Event "QA-ANNIV-04"]
[Site "http://www.queenalice.com/game.php?id=695044"]
[Date "2009.12.9"]
[Round "7"]
[White "EMB2"]
[Black "TheBigSid"]
[Result "1-0"]
[WhiteElo "2140"]
[BlackElo "2224"]

1. e4 e6 2. d4 d5 3. Nc3 Nf6 4. Bg5 dxe4 5. Nxe4 Be7 6. Bxf6 Bxf6 7. Nf3 Nd7 8.
Qd2 O-O 9. O-O-O b6 10. Bc4 Qe7 11. Rhe1 c5 12. d5 e5 13. Nxf6+ Qxf6 14. Ng5 Qh6
15. Ne6 Qh4 16. Nxf8 Qxc4 17. b3 Qa6 18. Nxd7 Qxa2 19. c4 Qa1+ 20. Kc2 Qa2+ 21.
Kc3 Qa5+ 22. Kb2 Qxd2+ 23. Rxd2 Bxd7 24. Rxe5 Kf8 25. Rde2 Re8 26. Rxe8+ Bxe8
27. d6 1-0

[Event "AUTO-MASTER-1007"]
[Site "http://www.queenalice.com/game.php?id=710359"]
[Date "2010.1.8"]
[Round "1"]
[White "Rutty"]
[Black "EMB2"]
[Result "0-1"]
[WhiteElo "2020"]
[BlackElo "2155"]

1. d4 Nf6 2. c4 e6 3. Nc3 Bb4 4. Nf3 b6 5. a3 Bxc3+ 6. bxc3 O-O 7. Qc2 Bb7 8.
Bg5 Be4 9. Bxf6 Bxc2 10. Bxd8 Rxd8 11. e3 d5 12. Kd2 Be4 13. Bd3 Bxf3 14. gxf3
a6 15. a4 dxc4 16. Bxc4 Ra7 17. Kd3 Nd7 18. e4 Ne5+ 0-1

[Event "AUTO-MASTER-1007"]
[Site "http://www.queenalice.com/game.php?id=710360"]
[Date "2010.1.8"]
[Round "1"]
[White "EMB2"]
[Black "Rutty"]
[Result "1/2-1/2"]
[WhiteElo "2169"]
[BlackElo "2050"]

1. e4 e5 2. Nf3 Nc6 3. Bb5 Bc5 4. c3 Nf6 5. O-O Nxe4 6. Qe2 Nxf2 7. Rxf2 Bxf2+
8. Qxf2 d6 9. d4 O-O 10. Bxc6 bxc6 11. Be3 e4 12. Ng5 d5 13. Nd2 h6 14. Ngxe4
dxe4 15. Nxe4 f5 16. Nc5 Qf6 17. Bf4 Rf7 18. Qg3 g5 19. h4 g4 20. Re1 Bd7 21.
Na6 Re7 22. Rxe7 Qxe7 23. Bxh6 Re8 24. Nc5 Bc8 25. b3 Qe1+ 26. Qxe1 Rxe1+ 27.
Kh2 Kh7 28. Bf4 Ra1 29. a4 Kg6 30. Bxc7 Rc1 31. c4 Kh5 32. g3 Rd1 33. Be5 Rd2+
34. Kg1 Kg6 35. Kf1 Kf7 36. Kg1 1/2-1/2

[Event "AUTO-MASTER-1007"]
[Site "http://www.queenalice.com/game.php?id=710371"]
[Date "2010.1.8"]
[Round "1"]
[White "jartuga99"]
[Black "EMB2"]
[Result "1/2-1/2"]
[WhiteElo "1921"]
[BlackElo "2165"]

1. e4 c5 2. Bc4 e6 3. a4 Nc6 4. c3 Nf6 5. d3 d5 6. exd5 exd5 7. Ba2 Bd6 8. h3
O-O 9. Ne2 Qb6 10. O-O Qc7 11. f4 Re8 12. Kh2 Bf5 13. g3 Qd7 14. Ng1 b6 15. Na3
Ng4+ 16. hxg4 Bxg4 17. Qc2 Qf5 18. Kg2 Rad8 19. Nb5 Bb8 20. Bb1 Qh5 21. d4 Bh3+
22. Kf2 Bf5 23. Qxf5 Qh2+ 24. Kf3 Qh1+ 25. Kf2 Qh2+ 26. Kf3 Qh1+ 27. Kf2 Qh2+
1/2-1/2

[Event "AUTO-MASTER-1007"]
[Site "http://www.queenalice.com/game.php?id=710372"]
[Date "2010.1.8"]
[Round "1"]
[White "EMB2"]
[Black "jartuga99"]
[Result "1-0"]
[WhiteElo "2165"]
[BlackElo "1900"]

1. e4 c5 2. Nf3 Nc6 3. d4 cxd4 4. Nxd4 d6 5. Nc3 a6 6. Nxc6 bxc6 7. Bc4 e6 8.
O-O Be7 9. Qf3 h6 10. Bf4 d5 11. exd5 cxd5 12. Nxd5 exd5 13. Bxd5 Bg4 14. Bc6+
Kf8 15. Qxg4 Rc8 16. Rfd1 Qxd1+ 17. Rxd1 Rxc6 18. Qd7 Rxc2 19. Bd6 g5 20. Bxe7+
Kg7 21. Qd4+ f6 22. Qd7 1-0

[Event "AUTO-MASTER-1007"]
[Site "http://www.queenalice.com/game.php?id=710379"]
[Date "2010.1.8"]
[Round "1"]
[White "EMB2"]
[Black "jolomol"]
[Result "1-0"]
[WhiteElo "2151"]
[BlackElo "2103"]

1. e4 e5 2. Nf3 Nf6 3. Nxe5 Qe7 4. d4 d6 5. Nf3 Nxe4 6. Be3 Bg4 7. Nc3 Nxc3 8.
bxc3 Nc6 9. Bd3 Qf6 10. O-O Bxf3 11. Qxf3 Qxf3 12. gxf3 O-O-O 13. d5 Ne5 14.
Rab1 Nxf3+ 15. Kg2 Ne5 16. Bf5+ Kb8 17. Rb4 b6 18. a4 g6 19. Bh3 Bg7 20. a5 f5
21. Ra4 Rdf8 22. axb6 axb6 23. Rfa1 Kc8 24. Bxb6 Kd8 25. Ra7 cxb6 26. Rxg7 Nf7
27. Rxf7 1-0

[Event "AUTO-MASTER-1007"]
[Site "http://www.queenalice.com/game.php?id=710380"]
[Date "2010.1.8"]
[Round "1"]
[White "jolomol"]
[Black "EMB2"]
[Result "1-0"]
[WhiteElo "2145"]
[BlackElo "2164"]

1. e4 c5 2. Nf3 d6 3. d4 cxd4 4. Nxd4 Nf6 5. Nc3 a6 6. Bg5 e6 7. Be2 Be7 8. Qd2
e5 9. Nf3 Be6 10. O-O-O h6 11. Be3 Ng4 12. h3 Nf6 13. g4 Qd7 14. Nh4 Nc6 15. Nf5
Bxf5 16. gxf5 O-O 17. Bxh6 1-0

[Event "AUTO-MASTER-912"]
[Site "http://www.queenalice.com/game.php?id=725492"]
[Date "2010.2.3"]
[Round "2"]
[White "EMB2"]
[Black "Calamas"]
[Result "0-1"]
[WhiteElo "2179"]
[BlackElo "2386"]

1. e4 c6 2. d4 d5 3. Nc3 dxe4 4. Nxe4 Nd7 5. Ng5 Ngf6 6. Bd3 e6 7. N1f3 Bd6 8.
Qe2 h6 9. Ne4 Nxe4 10. Qxe4 Nf6 11. Qe2 O-O 12. O-O Qc7 13. c4 b6 14. b3 Bb7 15.
Bb2 c5 16. Ne5 Rad8 17. Rad1 cxd4 18. Bxd4 Nd7 19. f4 Nxe5 20. Bxe5 Qc5+ 21. Kh1
Bxe5 22. fxe5 g6 23. Rf4 Rd7 24. Rh4 Rfd8 25. Rg4 h5 26. Rg3 h4 27. Rh3 Rd4 28.
Re3 Qe7 29. h3 Qg5 30. Kh2 Bc6 31. a4 a5 32. g4 hxg3+ 33. Rxg3 Qh6 0-1

[Event "AUTO-MASTER-912"]
[Site "http://www.queenalice.com/game.php?id=725493"]
[Date "2010.2.3"]
[Round "2"]
[White "Calamas"]
[Black "EMB2"]
[Result "1/2-1/2"]
[WhiteElo "2425"]
[BlackElo "2165"]

1. e4 c5 2. Nf3 d6 3. d3 Nf6 4. Nbd2 e5 5. g3 Be6 6. Bg2 Be7 7. O-O Nc6 8. Nc4
O-O 9. Re1 b5 10. Ne3 a6 11. Bd2 Re8 12. c3 Rb8 13. Nf5 Bxf5 14. exf5 Qd7 15.
Nh4 d5 16. b3 h6 17. a4 b4 18. c4 Rbd8 19. Rb1 dxc4 20. dxc4 e4 21. Be3 Qxd1 22.
Rexd1 Nd4 23. Bh3 Rd6 24. Kf1 Red8 25. Rd2 Nh5 26. Bg4 Bxh4 27. Bxh5 Bg5 28. Bg4
a5 1/2-1/2

[Event "AUTO-MASTER-912"]
[Site "http://www.queenalice.com/game.php?id=725494"]
[Date "2010.2.3"]
[Round "2"]
[White "EMB2"]
[Black "crawfb5"]
[Result "0-1"]
[WhiteElo "2174"]
[BlackElo "2243"]

1. e4 c6 2. d4 d5 3. Nc3 dxe4 4. Nxe4 Bf5 5. Ng3 Bg6 6. Nf3 Nd7 7. Bd3 Ngf6 8.
O-O e6 9. Bg5 Be7 10. Re1 O-O 11. Nh4 Bxd3 12. Qxd3 Nd5 13. Bxe7 Nxe7 14. Re3
Nd5 15. Re4 f5 16. Nhxf5 exf5 17. Ree1 g6 18. c4 N5f6 0-1

[Event "AUTO-MASTER-912"]
[Site "http://www.queenalice.com/game.php?id=725495"]
[Date "2010.2.3"]
[Round "2"]
[White "crawfb5"]
[Black "EMB2"]
[Result "0-1"]
[WhiteElo "2206"]
[BlackElo "2173"]

1. e4 e6 2. d4 d5 3. Nc3 Nf6 4. Bg5 Be7 5. e5 Nfd7 6. Bxe7 Qxe7 7. f4 O-O 8. Nf3
c5 9. dxc5 Qxc5 10. Qd2 f5 11. exf6 Rxf6 12. O-O-O Nc6 13. g4 Nb6 14. g5 Rf5 15.
Bd3 Nc4 16. Bxc4 Qxc4 17. Nd4 Nxd4 18. Qxd4 Rxf4 19. Qe3 Bd7 20. b3 Qb4 21. Qd3
Raf8 22. Kb2 d4 23. Ne2 Bb5 24. Nxf4 Bxd3 25. Nxd3 Qa5 26. h4 a6 27. Rhe1 Qc3+
28. Kb1 Rc8 29. Rc1 Rc6 30. Ne5 Rc7 31. Nd3 Re7 32. Nf4 Qg3 33. Nd5 Rd7 34. Nb6
Rf7 35. Rxe6 Qxh4 36. Re5 Qg3 37. Rce1 h5 38. gxh6 gxh6 39. Nd5 Qh3 40. Rg1+ Kf8
41. Kb2 d3 42. Rge1 Qh2 0-1

[Event "QA-ANNIV-04"]
[Site "http://www.queenalice.com/game.php?id=762137"]
[Date "2010.4.16"]
[Round "8"]
[White "marcosnatal"]
[Black "EMB2"]
[Result "1/2-1/2"]
[WhiteElo "2256"]
[BlackElo "2162"]

1. d4 Nf6 2. c4 e6 3. Nc3 Bb4 4. Qc2 c5 5. Nf3 cxd4 6. Nxd4 Nc6 7. e3 d5 8. cxd5
Nxd4 9. exd4 Nxd5 10. Bc4 O-O 11. O-O Bd6 12. Bxd5 exd5 13. Qb3 Be6 14. Qxb7 Re8
15. Nb5 Rb8 16. Qa6 Rb6 17. Qa5 Bxh2+ 18. Kxh2 Qb8+ 19. g3 Rxb5 20. Qa3 Qb6 21.
Qd3 Rb4 22. Rd1 Bg4 23. f3 Qf6 1/2-1/2

[Event "QA-ANNIV-04"]
[Site "http://www.queenalice.com/game.php?id=808034"]
[Date "2010.7.24"]
[Round "9"]
[White "EMB2"]
[Black "PawnOne"]
[Result "1-0"]
[WhiteElo "2191"]
[BlackElo "1877"]

1. d4 d5 2. c4 dxc4 3. Nf3 Nf6 4. e3 Bg4 5. Bxc4 e6 6. h3 Bh5 7. Nc3 Bb4 8. Qa4+
Nc6 9. Ne5 Bxc3+ 10. bxc3 O-O 11. Nxc6 bxc6 12. Qxc6 Nd5 13. Bd3 Rb8 14. O-O Qd6
15. Qa4 Nxc3 16. Qa5 Qc6 17. Qxh5 g6 18. Qa5 Nd5 19. Ba3 Rfd8 20. Rfc1 Qb6 21.
Qxb6 cxb6 22. Rc2 a5 23. Rb1 Kg7 24. e4 Nf6 25. Bb2 b5 26. Rc5 a4 27. Rxb5 Rxb5
28. Bxb5 Nxe4 29. Bxa4 Kg8 30. Rc1 h6 31. Rc7 Nf6 32. Bb3 Nd5 33. Bxd5 Rxd5 34.
a4 Kg7 35. Bc3 g5 36. a5 Kg6 37. a6 Rd6 38. a7 Ra6 39. Bb4 Ra4 40. Bc5 1-0

[Event "Let's Play Chess!"]
[Site "http://www.queenalice.com/game.php?id=1241995"]
[Date "2013.12.22"]
[Round "-"]
[White "EMB2"]
[Black "igorjava"]
[Result "1-0"]
[WhiteElo "2194"]
[BlackElo "1763"]

1. d4 e6 2. e4 d6 3. Nf3 Nf6 4. Bd3 e5 5. dxe5 dxe5 6. Nxe5 Qe7 7. Bf4 Nbd7 8.
Nxd7 Qxd7 9. O-O Be7 10. Nc3 O-O 11. Nd5 Nxd5 12. exd5 f5 13. Bc4 a6 14. d6+ Kh8
15. dxe7 Qxe7 16. Re1 Qc5 17. Bb3 b5 18. Qd5 Qxd5 19. Bxd5 Ra7 20. Be3 c5 21.
Bxc5 Raf7 22. Bxf7 1-0